Les départements de clubs de Ligue 1 2020-21 - Statistiques

Statistiques générales
  • Ce quiz a été pris 919 fois
  • Le résultat moyen est 14 sur 19
Statistiques - réponses
Club Département % Correct
LOSC Lille Nord
85%
Montpellier HSC Hérault
83%
Paris Saint-Germain Paris
83%
Olympique lyonnais Rhône (et métropole de Lyon)
83%
Olympique de Marseille Bouches-du-Rhône
81%
Girondins de Bordeaux Gironde
80%
Stade brestois 29 Finistère
78%
FC Nantes Loire-Atlantique
77%
AS Saint-Étienne Loire
74%
RC Lens Pas-de-Calais
73%
RC Strasbourg Alsace Bas-Rhin
70%
FC Lorient Morbihan
70%
FC Metz Moselle
70%
OGC Nice Alpes-Maritimes
69%
Nîmes Olympique Gard
69%
Dijon FCO Côte-d'Or
67%
Stade rennais FC Ille-et-Vilaine
67%
Angers SCO Maine-et-Loire
61%
Stade de Reims Marne
51%
Aucun quiz correspondant
Distribution des résultats
% des personnes avec chaque résultat
Percentile par nombre de réponses
Votre historique - résultats
Vous n’avez pas pris ce quiz